01775ngm a2200313 a 450000500170000000800410001708200160005811000360007424500900011025000180020030000540021849000280027250000140030050000180031452006020033252100380093465000650097265000610103765000670109865000640116574000460122994200130127526400350128833600270132333700330135033800280138304000350141199900150144620220317001435.0161108s2014 ck g 000 0 s 04a611.8bD37c aDiscovery Communications97304600aCuerpo humano al límitebsensibilidadcDiscovery Communicationshvideodisco digital a1a. edición a1 DVD (43 minutos)bsonido, color, digitalc12 cm aDiscovery en la escuela aMultizona aDolby Digital aMuy cerca de la superficie de la piel se encuentran "las antenas" que nos permiten percibir el mundo que nos rodea. Esta capa vital es la puerta de entrada a la súper carretera de la información: el sistema nervioso. Millones de nervios transportan nuestras sensaciones hasta el cerebro y alrededor del cuerpo a más de 320 kilómetros por hora. Pero nuestro sistema nervioso también lleva a cabo labores desconocidas por la mayoría de las personas. Esta es la historia de la red de comunicaciones más importante del mundo: la del cuerpo humano, vistaa través de increíbles sucesos aRecomendado para todas las edades142LEMBaAnatomía humanavDocumentalesvVideodiscos digitales142LEMBaCuerpo humanovDocumentalesvVideodiscos digitales142LEMBaFisiología humanavDocumentalesvVideodiscos digitales142LEMBaSistema nerviosovDocumentalesvVideodiscos digitales aHuman body pushing the limits : sensation 2ddccDVD aBogotábMS Tv & Videosc2014 atextobtxt2rdacontent asin mediaciónbn2rdamedia avolumenbnc2rdacarrier aCO-BoRNBPbspaerdacCO-BoRNBP c6987d6987